• 首页
  • 本馆介绍
  • 公告通知
  • 最新文献
  • 馆藏检索
  • 电子资源
  • 读者导购
  • 参考咨询
  • 我的图书馆
  • 登录
  • 详细信息显示
  • 放入我的书架
  • 预约/预借图书
  • 作者相关作品
  • 分类相关作品
  • 丛书相关作品
  • 出版社相关作品

书目信息

  • 表格格式
  • 工作单格式
  • 卡片格式
题名:
西洋近世哲学史
    
 
作者: 霍甫丁 著 ;彭健华 译
分册:  
出版信息: 上海   上海社会科学院出版社  2017
页数: 299页
开本: 23cm
丛书名: 民国西学要籍汉译文献
单 册:
中图分类: B504
科图分类:
主题词: 哲学史--欧洲--近代
电子资源:
ISBN: 978-7-5520-1737-3
000 01247oam2 2200301 450
001 012001004200
005 20140928162349.0
010    @a978-7-5520-1737-3@b精装@dCNY98.00
100    @a20170802d2017 em y0chiy50 ea
101 1  @achi@cdan
102    @aCN@b310000
105    @ay z 000yy
106    @ar
200 1  @a西洋近世哲学史@9xi yang jin shi zhe xue shi@f(丹麦)霍甫丁著@dMan s social destiny in the light of science@fH. Hffding@g彭健华译@zdan
210    @a上海@c上海社会科学院出版社@d2017
215    @a299页@d23cm
225 2  @a民国西学要籍汉译文献@i哲学@h第一辑@v4
300    @a中国国家图书馆藏
330    @a本书着意于科学进步对哲学思想形成的重要意义。全书分为9章:文艺复兴时期的哲学、伟大的体系、英国的经验哲学、法德启蒙哲学、康德与批判哲学、浪漫哲学、实证主义、在实在论的基础上存在问题之新成就、认识与批判诸问题解决之新企图等。书后有附录:《主要哲学著作年表》。
461  0 @12001 @a民国西学要籍汉译文献
462  0 @12001 @a哲学
510 1  @aMan s social destiny in the light of science@zeng
606 0  @a哲学史@y欧洲@z近代
690    @aB504@v5
701  0 @c(丹麦)@a霍甫丁@9huo fu ding@c(Hffding, H.)@4著
702  0 @a彭健华@9peng jian hua@4译
801  0 @aCN@b上海新华@c20180901
905    @b1164502-6@dB504@e132@f5
    
    西洋近世哲学史/(丹麦)霍甫丁著=Man s social destiny in the light of science/H. Hffding/彭健华译.-上海:上海社会科学院出版社,2017
    299页;23cm.-(民国西学要籍汉译文献.哲学.第一辑;4)
    中国国家图书馆藏
    
    ISBN 978-7-5520-1737-3(精装):CNY98.00
    本书着意于科学进步对哲学思想形成的重要意义。全书分为9章:文艺复兴时期的哲学、伟大的体系、英国的经验哲学、法德启蒙哲学、康德与批判哲学、浪漫哲学、实证主义、在实在论的基础上存在问题之新成就、认识与批判诸问题解决之新企图等。书后有附录:《主要哲学著作年表》。
●
相关链接 在E读中查询图书 在五车中查询图书 在当当中查询图书 在豆瓣中查询图书


正题名:西洋近世哲学史     索取号:B504/132         预约/预借

序号 登录号 条形码 馆藏地/架位号 状态 备注
1 1164502   211645022   第一样本阅览室/ [索取号:B504/132] 在馆    
2 1164503   211645031   第一借阅区/ [索取号:B504/132] 在馆    
3 1164504   211645040   第一借阅区/ [索取号:B504/132] 在馆    
4 1164505   211645059   第一借阅区/ [索取号:B504/132] 在馆    
5 1164506   211645068   第一借阅区/ [索取号:B504/132] 在馆    
唐山师范学院图书馆 欢迎您!
大连网信软件有限公司© 版权所有